مكتبة جامعة عجلون الوطنية

فهرس بحث المكتبة

Normal view MARC view
  • ابو جابر، ماجد عبد الكريم، م مشارك حسين عبد الطيف بعاره

Entry Personal Name

Number of records used in: 1

001 - CONTROL NUMBER

  • control field: 57681

003 - CONTROL NUMBER IDENTIFIER

  • control field: JO-AjAnu

005 - DATE AND TIME OF LATEST TRANSACTION

  • control field: 20230606083438.0

008 - FIXED-LENGTH DATA ELEMENTS

  • fixed length control field: 230606|| aca||aabn | a|a d

040 ## - CATALOGING SOURCE

  • Original cataloging agency: JO-AjAnu
  • Transcribing agency: JO-AjAnu

100 ## - HEADING--PERSONAL NAME

  • Personal name: ابو جابر، ماجد عبد الكريم، م مشارك حسين عبد الطيف بعاره

670 ## - SOURCE DATA FOUND

  • Source citation: Work cat.: (JO-AjAnu)29431: ابو جابر، ماجد عبد الكريم، م مشارك حسين عبد الطيف بعاره , author, التربيه العمليه الميدانيه لطلبة كلية العلوم التربويه